<?xml version="1.0" encoding="UTF-8"?><?xml-stylesheet type="text/xsl" href="static/style.xsl"?><OAI-PMH xmlns="http://www.openarchives.org/OAI/2.0/" xmlns:xsi="http://www.w3.org/2001/XMLSchema-instance" xsi:schemaLocation="http://www.openarchives.org/OAI/2.0/ http://www.openarchives.org/OAI/2.0/OAI-PMH.xsd"><responseDate>2026-04-14T02:50:39Z</responseDate><request verb="GetRecord" identifier="oai:www.recercat.cat:2117/191222" metadataPrefix="marc">https://recercat.cat/oai/request</request><GetRecord><record><header><identifier>oai:recercat.cat:2117/191222</identifier><datestamp>2025-07-22T20:25:50Z</datestamp><setSpec>com_2072_1033</setSpec><setSpec>col_2072_452951</setSpec></header><metadata><record xmlns="http://www.loc.gov/MARC21/slim" xmlns:dcterms="http://purl.org/dc/terms/" xmlns:xsi="http://www.w3.org/2001/XMLSchema-instance" xmlns:doc="http://www.lyncode.com/xoai" xsi:schemaLocation="http://www.loc.gov/MARC21/slim http://www.loc.gov/standards/marcxml/schema/MARC21slim.xsd">
   <leader>00925njm 22002777a 4500</leader>
   <datafield ind2=" " ind1=" " tag="042">
      <subfield code="a">dc</subfield>
   </datafield>
   <datafield ind2=" " ind1=" " tag="720">
      <subfield code="a">Legemaate, Inés</subfield>
      <subfield code="e">author</subfield>
   </datafield>
   <datafield ind2=" " ind1=" " tag="260">
      <subfield code="c">2006-02</subfield>
   </datafield>
   <datafield ind2=" " ind1=" " tag="520">
      <subfield code="a">El objeto de este proyecto es el de plasmar la situación actual en España, y más concretamente en Cataluña, de cómo se está procediendo a eliminar amianto en la edificación, y analizar dicha situación comparándola con el proceso de retirada tal y como se está realizando en los Países Bajos, un país más avanzado en cuanto a años de experiencia profesional en este tema. El proceso de retirada implica que se comente el proceso de eliminación que lo engloba.&#xd;
&#xd;
Hay que distinguir entre lo que se entiende por eliminación (léase todo el proceso) y lo que se entiende por retirada (sólo una fase del proceso). La eliminación, o también llamado desamiantado, integra el proceso entero desde que se detecta el amianto en un edificio a demoler, renovar o remodelar, se retira del mismo, y se gestiona ya como residuo vertiéndolo en depósitos controlados y autorizados para tal fin. La retirada es pues, una parte del proceso de eliminación.</subfield>
   </datafield>
   <datafield tag="653" ind2=" " ind1=" ">
      <subfield code="a">Àrees temàtiques de la UPC::Edificació::Materials de construcció</subfield>
   </datafield>
   <datafield tag="653" ind2=" " ind1=" ">
      <subfield code="a">Asbest</subfield>
   </datafield>
   <datafield tag="653" ind2=" " ind1=" ">
      <subfield code="a">Amiant -- Construcció</subfield>
   </datafield>
   <datafield tag="653" ind2=" " ind1=" ">
      <subfield code="a">Asbest -- Construcció</subfield>
   </datafield>
   <datafield ind2="0" ind1="0" tag="245">
      <subfield code="a">La Eliminación de amianto en edificación</subfield>
   </datafield>
</record></metadata></record></GetRecord></OAI-PMH>